000 00551nam a22001697a 4500
005 20231109123710.0
008 231109b |||||||| |||| 00| 0 eng d
020 _a0702102865
041 _aEnglish / Afrikaans
082 _a346.2 ELL
100 _aElliott, RC
_lEnglish / Afrikaans
245 _aElliott's Legal Forms Formerly Juta's Legal Forms /
_cRC Elliott
260 _aCape Town :
_bJuta and Company Ltd,
_c1972
300 _bxi, 267 pages ;
_c26 cm.
650 _aLegal practice
_bLaw
942 _cBK
_6ALISON_BN_VRIES
999 _c477
_d477